Statistiques concernant Liste des 23 : Equipe de France - Euro 2016

Cliquez ici pour prendre le quiz!

Statistiques générales

  • Ce quiz a été pris 405 fois
    (372 depuis la dernière actualisation)
  • Le résultat moyen est 18 sur 23

Statistiques - réponses

Hint Answer % Correct
GardienHugo Lloris
100%
GardienSteve Mandanda
96%
AttaquantAntoine Griezmann
94%
AttaquantOlivier Giroud
93%
MilieuPaul Pogba
92%
DéfenseurSamuel Umtiti
86%
MilieuBlaise Matuidi
85%
MilieuN’Golo Kanté
84%
DéfenseurAdil Rami
81%
DéfenseurLaurent Koscielny
80%
AttaquantDimitri Payet
80%
DéfenseurPatrice Evra
79%
GardienBenoît Costil
78%
DéfenseurLucas Digne
75%
MilieuMoussa Sissoko
73%
DéfenseurBacary Sagna
73%
AttaquantAndré-Pierre Gignac
72%
AttaquantAnthony Martial
70%
AttaquantKingsley Coman
67%
MilieuYohan Cabaye
62%
DéfenseurChristophe Jallet
54%
DéfenseurEliaquim Mangala
48%
MilieuMorgan Schneiderlin
45%

Distribution des résultats

Percentile par nombre de réponses

% des personnes avec chaque résultat

Votre développement - résultats

Vous n’avez pas pris ce quiz depuis la dernière actualisation